Emili Juncadella : aventures d'un burgès als Pirineus / David Vilaseca Basco ; [pròleg: Enric Faura Busto] aventures d'un burgès als Pirineus / David Vilaseca Basco ; [pròleg:
ISBN:
84-9791-042-7
Descripción Física:
134 p. : il. ; 21 cm
Colección:
Pioners ; 5
Otros Autores:
Faura, Enric
MARC
| LEADER | 00000nam a2200000Ia 4500 | ||
|---|---|---|---|
| 001 | 23405 | ||
| 008 | 160829s2004 xx 000 0 cat d | ||
| 020 | |a 84-9791-042-7 | ||
| 080 | |a C-3-385 | ||
| 100 | |a Vilaseca Basco, David |9 48786 | ||
| 245 | |a Emili Juncadella : |b aventures d'un burgès als Pirineus / David Vilaseca Basco ; [pròleg: |b Enric Faura Busto] | ||
| 260 | |a Valls : |b Cossetània, |c 2004 | ||
| 300 | |a 134 p. : |b il. ; |c 21 cm | ||
| 490 | |a Pioners ; 5 | ||
| 590 | |a Amb la col·laboració de la Diputació de Barcelona | ||
| 600 | 0 | |a Juncadella, Emili |d 1908-1915 |9 6282 | |
| 650 | |a Excursionistes |x Catalunya |9 48788 | ||
| 650 | |a Excursionisme |x Catalunya |9 48789 | ||
| 700 | 1 | |a Faura, Enric |9 48790 | |
| 901 | |a Arxiu | ||
| 942 | |n 1 | ||
| 952 | |0 0 |1 0 |4 0 |6 C3385 |7 1 |9 54861 |a Arxiu |b Arxiu |d 2012-03-08 |l 0 |o C-3-385 |p 23405 |r 2016-12-01 00:00:00 |w 2016-12-01 |y ARXIU | ||
| 999 | |c 58731 |d 58731 | ||